Konfirmáczió
| Médium: | Článok |
|---|---|
| Jazyk: | Hungarian |
| Témy: | |
| Zdroj: |
1. Homonna és vidéke : Vegyes tartalmu társadalmi, közművelődési, szépirodalmi és közgazdasági hetilap 1. Roč. 2, č. 25 (21.06.1902) s. 3 |
| LEADER | 00777nab#a2200289#ar4500 | ||
|---|---|---|---|
| 001 | 000061921 | ||
| 003 | SVKKK | ||
| 005 | 19960415xxxxxxx. | ||
| 008 | 06 c xo huno | ||
| FMT | |||
| 038 | |a SVKKK | ||
| 040 | |a SVKKK |b slo |e AACR2 | ||
| 041 | 0 | |a hun | |
| 044 | |a xo |c SK | ||
| 080 | |a 284.2 | ||
| 242 | 1 | 0 | |a Konfirmácia |
| 245 | 0 | 0 | |a Konfirmáczió |
| 650 | 0 | 4 | |a cirkev reformovaná - konfirmácia - príprava - Humenné - 29.06.1902 - informácie |
| 773 | 0 | |t Homonna és vidéke : Vegyes tartalmu társadalmi, közművelődési, szépirodalmi és közgazdasági hetilap |g Roč. 2, č. 25 (21.06.1902) s. 3 | |
| 957 | |a Humenné | ||
| 958 | |a CI | ||
| 958 | |a DG | ||
| 958 | |a SK | ||
| 974 | |a KKá |d 19960415 | ||
| 992 | |a RBX | ||
| BAS | |||
| 998 | |a RETRO | ||